[Event "Russian Blitz Championship (w)"]
[Site "Sochi"]
[Date "2022.10.14"]
[Round "9.5"]
[White "Potapova, Margarita"]
[Black "Styazhkina, Anna"]
[Result "1-0"]
[BlackElo "2121"]
[WhiteElo "2150"]
[LiveChessVersion "1.4.8"]

1. d4 {[%clk 0:03:03]} d5 2. c4 c6 {[%clk 0:03:04]} 3. cxd5 {[%clk 0:03:06]} cxd5
{[%clk 0:03:04]} 4. Bf4 {[%clk 0:03:07]} Nc6 {[%clk 0:03:03]} 5. e3
{[%clk 0:03:08]} Nf6 {[%clk 0:03:02]} 6. Nc3 {[%clk 0:03:09]} a6 {[%clk 0:03:02]}
7. Rc1 {[%clk 0:03:10]} Bg4 {[%clk 0:02:47]} 8. Nf3 {[%clk 0:03:10]} e6
{[%clk 0:02:47]} 9. h3 {[%clk 0:02:52]} Bxf3 {[%clk 0:02:43]} 10. Qxf3
{[%clk 0:02:52]} Be7 {[%clk 0:02:38]} 11. Bd3 {[%clk 0:02:51]} O-O
{[%clk 0:02:37]} 12. O-O {[%clk 0:02:51]} Rc8 {[%clk 0:02:30]} 13. Qe2
{[%clk 0:02:35]} Nd7 {[%clk 0:02:25]} 14. Bb1 {[%clk 0:02:20]} Nb6
{[%clk 0:02:11]} 15. Qd3 {[%clk 0:02:10]} g6 {[%clk 0:01:57]} 16. Qe2
{[%clk 0:02:04]} Bf6 {[%clk 0:01:45]} 17. Qf3 {[%clk 0:02:00]} Bg7
{[%clk 0:01:43]} 18. Qg3 {[%clk 0:02:01]} Nc4 {[%clk 0:01:38]} 19. b3
{[%clk 0:01:28]} Nb6 {[%clk 0:01:08]} 20. h4 {[%clk 0:01:27]} h6 {[%clk 0:00:48]}
21. Bd6 {[%clk 0:01:21]} Re8 {[%clk 0:00:49]} 22. h5 {[%clk 0:01:18]} g5
{[%clk 0:00:51]} 23. Ba3 {[%clk 0:01:14]} Ne7 {[%clk 0:00:40]} 24. Qg4
{[%clk 0:01:04]} Kh8 {[%clk 0:00:22]} 25. Qe2 {[%clk 0:00:54]} f5
{[%clk 0:00:15]} 26. Qd3 {[%clk 0:00:49]} Qd7 {[%clk 0:00:15]} 27. Bc5
{[%clk 0:00:49]} Rc6 {[%clk 0:00:15]} 28. a4 {[%clk 0:00:46]} Nbc8
{[%clk 0:00:15]} 29. b4 {[%clk 0:00:41]} Nd6 {[%clk 0:00:14]} 30. b5
{[%clk 0:00:41]} axb5 {[%clk 0:00:14]} 31. axb5 {[%clk 0:00:39]} Rcc8
{[%clk 0:00:16]} 32. Na4 {[%clk 0:00:38]} Rcd8 {[%clk 0:00:09]} 33. Bb6
{[%clk 0:00:20]} Ne4 {[%clk 0:00:08]} 34. Bxd8 {[%clk 0:00:19]} Qxd8
{[%clk 0:00:08]} 35. Nc5 {[%clk 0:00:19]} Nxc5 {[%clk 0:00:06]} 36. dxc5
{[%clk 0:00:20]} e5 37. c6 {[%clk 0:00:21]} bxc6 {[%clk 0:00:06]} 38. bxc6
{[%clk 0:00:22]} Qc7 {[%clk 0:00:07]} 39. Qb5 {[%clk 0:00:20]} e4
{[%clk 0:00:07]} 40. Qb7 {[%clk 0:00:20]} Rc8 {[%clk 0:00:08]} 41. Qxc7
{[%clk 0:00:20]} Rxc7 {[%clk 0:00:09]} 42. Rc5 {[%clk 0:00:20]} Rxc6
{[%clk 0:00:09]} 43. Rxc6 {[%clk 0:00:20]} Nxc6 {[%clk 0:00:11]} 44. Rc1
{[%clk 0:00:19]} Ne5 {[%clk 0:00:10]} 45. Rd1 {[%clk 0:00:18]} Kg8
{[%clk 0:00:04]} 46. Rxd5 {[%clk 0:00:19]} Kf7 {[%clk 0:00:05]} 47. Ra5
{[%clk 0:00:19]} Kf6 {[%clk 0:00:05]} 48. Ba2 {[%clk 0:00:19]} Nd3
{[%clk 0:00:05]} 49. Ra6+ {[%clk 0:00:18]} Ke7 {[%clk 0:00:06]} 50. Ra7+
{[%clk 0:00:15]} Kf8 {[%clk 0:00:04]} 51. Rf7+ {[%clk 0:00:15]} Kg8
{[%clk 0:00:06]} 52. Rxf5+ {[%clk 0:00:15]} Kh8 {[%clk 0:00:07]} 53. Ra5
{[%clk 0:00:15]} Nc1 {[%clk 0:00:07]} 54. Bd5 {[%clk 0:00:14]} Ne2+
{[%clk 0:00:07]} 55. Kf1 {[%clk 0:00:15]} Nc3 {[%clk 0:00:09]} 56. Bc6
{[%clk 0:00:15]} g4 {[%clk 0:00:05]} 57. Bd7 {[%clk 0:00:14]} g3 {[%clk 0:00:06]}
58. fxg3 {[%clk 0:00:14]} Bf6 {[%clk 0:00:04]} 59. Ra3 {[%clk 0:00:08]} Nd5
{[%clk 0:00:05]} 60. Bc6 {[%clk 0:00:08]} Nc3 {[%clk 0:00:03]} 61. Rb3
{[%clk 0:00:06]} Kg7 {[%clk 0:00:04]} 62. Rb4 {[%clk 0:00:07]} Bg5
{[%clk 0:00:04]} 63. Bxe4 {[%clk 0:00:07]} Bxe3 {[%clk 0:00:05]} 64. Bf3
{[%clk 0:00:08]} Bg5 {[%clk 0:00:05]} 65. Rc4 {[%clk 0:00:08]} Kf6
{[%clk 0:00:04]} 66. Rxc3 {[%clk 0:00:09]} 1-0

[Event "Russian Blitz Championship (w)"]
[Site "Sochi"]
[Date "2022.10.14"]
[Round "9.6"]
[White "Vysotskaya, Anastasiya"]
[Black "Bodnaruk, Anastasia"]
[Result "0-1"]
[BlackElo "2332"]
[WhiteElo "2023"]
[LiveChessVersion "1.4.8"]

1. d4 {[%clk 0:03:03]} Nf6 {[%clk 0:03:04]} 2. c4 {[%clk 0:03:03]} g6
{[%clk 0:03:05]} 3. Nc3 Bg7 4. e4 {[%clk 0:03:04]} d6 {[%clk 0:03:08]} 5. h3
{[%clk 0:03:01]} O-O {[%clk 0:03:09]} 6. Be3 {[%clk 0:03:02]} e5 {[%clk 0:03:08]}
7. d5 {[%clk 0:03:01]} Na6 {[%clk 0:03:06]} 8. g4 {[%clk 0:02:38]} c6
{[%clk 0:03:05]} 9. Nge2 {[%clk 0:02:37]} h5 {[%clk 0:03:01]} 10. f3
{[%clk 0:02:17]} cxd5 {[%clk 0:03:01]} 11. cxd5 {[%clk 0:02:16]} Bd7
{[%clk 0:03:00]} 12. Bg5 {[%clk 0:01:40]} b5 {[%clk 0:02:11]} 13. gxh5
{[%clk 0:01:36]} b4 {[%clk 0:02:01]} 14. Nb1 {[%clk 0:01:26]} Qb6
{[%clk 0:01:58]} 15. h6 {[%clk 0:01:02]} Bh8 {[%clk 0:01:59]} 16. Qd3
{[%clk 0:00:46]} Nc5 {[%clk 0:01:54]} 17. Qe3 {[%clk 0:00:46]} Nh7
{[%clk 0:01:36]} 18. Be7 {[%clk 0:00:46]} Rfe8 {[%clk 0:01:35]} 19. Bh4
{[%clk 0:00:46]} Bb5 {[%clk 0:01:31]} 20. Nc1 {[%clk 0:00:17]} Rac8
{[%clk 0:00:43]} 21. Bxb5 {[%clk 0:00:16]} Qxb5 {[%clk 0:00:44]} 22. Nd2
{[%clk 0:00:16]} Na4 {[%clk 0:00:36]} 23. Rb1 {[%clk 0:00:11]} Nxb2
{[%clk 0:00:34]} 24. Kf2 {[%clk 0:00:05]} Rc2 {[%clk 0:00:30]} 25. Ne2
{[%clk 0:00:04]} Nd3+ {[%clk 0:00:26]} 26. Kg3 {[%clk 0:00:04]} Nf4
{[%clk 0:00:20]} 27. Rhe1 {[%clk 0:00:04]} g5 {[%clk 0:00:16]} 28. Bxg5
{[%clk 0:00:04]} Nxg5 {[%clk 0:00:17]} 29. h4 {[%clk 0:00:05]} Nh7
{[%clk 0:00:14]} 30. Nxf4 exf4+ 31. Qxf4 Be5 0-1

[Event "Russian Blitz Championship (w)"]
[Site "Sochi"]
[Date "2022.10.14"]
[Round "9.7"]
[White "Kabanova, Ekaterina"]
[Black "Shuvalova, Polina"]
[Result "0-1"]
[BlackElo "2392"]
[WhiteElo "2141"]
[LiveChessVersion "1.4.8"]

1. c4 {[%clk 0:03:02]} e6 {[%clk 0:03:03]} 2. Nf3 {[%clk 0:03:02]} d5
{[%clk 0:03:05]} 3. e3 {[%clk 0:03:03]} Nf6 {[%clk 0:03:06]} 4. a3
{[%clk 0:03:03]} c5 {[%clk 0:03:04]} 5. Qc2 {[%clk 0:03:02]} b6 {[%clk 0:03:00]}
6. d3 {[%clk 0:03:02]} Bb7 {[%clk 0:03:01]} 7. Be2 {[%clk 0:03:03]} Nbd7
{[%clk 0:02:57]} 8. Nbd2 {[%clk 0:03:03]} Bd6 {[%clk 0:02:58]} 9. b3
{[%clk 0:03:04]} O-O {[%clk 0:02:58]} 10. Bb2 {[%clk 0:03:04]} Re8
{[%clk 0:02:58]} 11. h3 {[%clk 0:03:05]} e5 {[%clk 0:02:52]} 12. cxd5
{[%clk 0:03:05]} Nxd5 {[%clk 0:02:52]} 13. O-O {[%clk 0:03:05]} Qe7
{[%clk 0:02:50]} 14. Rac1 {[%clk 0:03:04]} Rad8 {[%clk 0:02:50]} 15. Rfe1
{[%clk 0:03:04]} h6 {[%clk 0:02:50]} 16. Qb1 {[%clk 0:03:01]} Nf8
{[%clk 0:02:44]} 17. Nc4 {[%clk 0:02:49]} Bb8 {[%clk 0:02:45]} 18. Bf1
{[%clk 0:02:45]} Ng6 {[%clk 0:02:42]} 19. Ncd2 {[%clk 0:02:41]} Nc7
{[%clk 0:02:24]} 20. Ne4 {[%clk 0:02:39]} Ne6 {[%clk 0:02:20]} 21. Be2
{[%clk 0:02:34]} Rd7 {[%clk 0:02:17]} 22. Ba1 {[%clk 0:02:33]} Red8
{[%clk 0:02:17]} 23. b4 {[%clk 0:02:32]} cxb4 {[%clk 0:02:16]} 24. axb4
{[%clk 0:02:32]} Kh8 {[%clk 0:01:57]} 25. Red1 {[%clk 0:02:32]} a5
{[%clk 0:01:39]} 26. bxa5 {[%clk 0:02:30]} bxa5 {[%clk 0:01:40]} 27. Ng3
{[%clk 0:02:07]} Ba6 {[%clk 0:01:40]} 28. d4 {[%clk 0:01:49]} Bxe2
{[%clk 0:01:40]} 29. Nxe2 {[%clk 0:01:47]} exd4 {[%clk 0:01:27]} 30. Nexd4
{[%clk 0:01:48]} Nxd4 {[%clk 0:01:27]} 31. Bxd4 {[%clk 0:01:43]} Nf8
{[%clk 0:00:48]} 32. Qf5 {[%clk 0:01:43]} Ne6 {[%clk 0:00:47]} 33. Qxa5
{[%clk 0:01:33]} Rd6 {[%clk 0:00:20]} 34. Qa1 {[%clk 0:01:25]} Kg8
{[%clk 0:00:20]} 35. Bc3 {[%clk 0:01:07]} Ng5 {[%clk 0:00:12]} 36. Nxg5
{[%clk 0:01:00]} Qxg5 {[%clk 0:00:13]} 37. Rxd6 {[%clk 0:00:50]} Bxd6
{[%clk 0:00:15]} 38. Bd4 {[%clk 0:00:46]} Qg6 {[%clk 0:00:14]} 39. Qb2
{[%clk 0:00:39]} Rb8 {[%clk 0:00:12]} 40. Qd2 {[%clk 0:00:36]} Bf8
{[%clk 0:00:12]} 41. Qc3 {[%clk 0:00:32]} Qe4 {[%clk 0:00:07]} 42. Qc6
{[%clk 0:00:30]} Qf5 {[%clk 0:00:06]} 43. Qc7 {[%clk 0:00:25]} Ra8
{[%clk 0:00:06]} 44. Qb7 {[%clk 0:00:23]} Ra2 {[%clk 0:00:06]} 45. e4
{[%clk 0:00:17]} Qf4 {[%clk 0:00:06]} 46. Be3 {[%clk 0:00:17]} Qf6
{[%clk 0:00:05]} 47. Qd5 {[%clk 0:00:15]} Ra6 {[%clk 0:00:03]} 48. f4
{[%clk 0:00:10]} Re6 {[%clk 0:00:04]} 49. Rc8 {[%clk 0:00:07]} Qa1+
{[%clk 0:00:04]} 50. Kh2 {[%clk 0:00:08]} Qa6 {[%clk 0:00:05]} 51. Qc5
{[%clk 0:00:06]} Re7 {[%clk 0:00:06]} 52. Qc2 {[%clk 0:00:03]} Qb7
{[%clk 0:00:06]} 53. e5 {[%clk 0:00:03]} g6 {[%clk 0:00:04]} 54. Rd8
{[%clk 0:00:04]} Rc7 {[%clk 0:00:05]} 55. Qd2 {[%clk 0:00:04]} Kg7
{[%clk 0:00:06]} 56. Bd4 {[%clk 0:00:04]} Be7 {[%clk 0:00:06]} 57. e6+
{[%clk 0:00:04]} f6 {[%clk 0:00:07]} 58. Rd7 {[%clk 0:00:03]} Kf8
{[%clk 0:00:04]} 59. Be3 {[%clk 0:00:04]} Qc6 {[%clk 0:00:04]} 60. Rxc7
{[%clk 0:00:04]} Qxc7 {[%clk 0:00:06]} 61. Qd3 {[%clk 0:00:05]} Kg7
{[%clk 0:00:06]} 62. h4 {[%clk 0:00:05]} h5 {[%clk 0:00:07]} 63. Qe4
{[%clk 0:00:05]} Qd6 {[%clk 0:00:08]} 64. Qc4 {[%clk 0:00:05]} f5
{[%clk 0:00:06]} 65. Bd4+ {[%clk 0:00:06]} Kh7 {[%clk 0:00:07]} 66. Be5
{[%clk 0:00:07]} Qd8 {[%clk 0:00:08]} 67. Qc6 {[%clk 0:00:08]} Bxh4
{[%clk 0:00:08]} 68. Qb7+ {[%clk 0:00:08]} Qe7 {[%clk 0:00:08]} 69. Qc8
{[%clk 0:00:08]} Bf6 {[%clk 0:00:06]} 70. Bxf6 {[%clk 0:00:08]} Qxf6
{[%clk 0:00:07]} 71. Qd7+ {[%clk 0:00:09]} Kh6 {[%clk 0:00:08]} 72. Kg3
{[%clk 0:00:09]} Qc3+ {[%clk 0:00:07]} 73. Kh2 {[%clk 0:00:09]} Qe1
{[%clk 0:00:06]} 74. Qe7 {[%clk 0:00:08]} Qe3 {[%clk 0:00:05]} 75. Qg5+ Kg7 76.
e7 {[%clk 0:00:08]} Kf7 {[%clk 0:00:08]} 77. g3 {[%clk 0:00:07]} Qe2+
{[%clk 0:00:09]} 78. Kg1 {[%clk 0:00:07]} Qxe7 {[%clk 0:00:09]} 79. Qh6
{[%clk 0:00:07]} Qf6 {[%clk 0:00:09]} 80. Kg2 {[%clk 0:00:07]} Qb2+
{[%clk 0:00:11]} 81. Kh3 {[%clk 0:00:08]} Qg7 {[%clk 0:00:11]} 82. Qg5
{[%clk 0:00:08]} Kg8 {[%clk 0:00:11]} 83. Qd8+ {[%clk 0:00:09]} Kh7
{[%clk 0:00:12]} 84. Qg5 {[%clk 0:00:09]} Qf7 {[%clk 0:00:14]} 85. Qd8
{[%clk 0:00:10]} Kg7 {[%clk 0:00:15]} 86. Qd4+ {[%clk 0:00:10]} Qf6
{[%clk 0:00:15]} 87. Qd7+ {[%clk 0:00:11]} Qf7 {[%clk 0:00:15]} 88. Qd4+
{[%clk 0:00:12]} Kh7 {[%clk 0:00:17]} 89. Qd8 {[%clk 0:00:13]} Qb7
{[%clk 0:00:18]} 90. Qg5 {[%clk 0:00:12]} Qh1# {[%clk 0:00:19]} 0-1

[Event "Russian Blitz Championship (w)"]
[Site "Sochi"]
[Date "2022.10.14"]
[Round "9.8"]
[White "Guseva, Marina"]
[Black "Gritsayeva, Oksana"]
[Result "1-0"]
[BlackElo "2192"]
[WhiteElo "2273"]
[LiveChessVersion "1.4.8"]

1. d4 {[%clk 0:03:03]} g6 {[%clk 0:03:04]} 2. c4 {[%clk 0:03:03]} Bg7
{[%clk 0:03:05]} 3. e4 {[%clk 0:02:56]} e6 {[%clk 0:03:06]} 4. Nc3
{[%clk 0:02:55]} Ne7 {[%clk 0:03:07]} 5. Nf3 {[%clk 0:02:51]} d5 {[%clk 0:03:08]}
6. cxd5 {[%clk 0:02:41]} exd5 {[%clk 0:03:09]} 7. exd5 {[%clk 0:02:42]} O-O
{[%clk 0:02:57]} 8. Bc4 {[%clk 0:02:40]} Nd7 {[%clk 0:02:49]} 9. O-O
{[%clk 0:02:39]} Nb6 {[%clk 0:02:50]} 10. Bb3 {[%clk 0:02:40]} Nexd5
{[%clk 0:02:45]} 11. h3 {[%clk 0:02:40]} h6 {[%clk 0:02:41]} 12. Bd2
{[%clk 0:02:30]} Re8 {[%clk 0:02:35]} 13. Rc1 {[%clk 0:02:25]} c6
{[%clk 0:02:36]} 14. Re1 {[%clk 0:02:19]} Rxe1+ {[%clk 0:02:32]} 15. Qxe1
{[%clk 0:02:19]} Bf5 {[%clk 0:02:26]} 16. a3 {[%clk 0:02:02]} Qd6
{[%clk 0:02:16]} 17. Qf1 {[%clk 0:02:00]} Re8 {[%clk 0:02:10]} 18. Re1
{[%clk 0:01:59]} Rxe1 {[%clk 0:02:01]} 19. Qxe1 {[%clk 0:02:00]} Qe6
{[%clk 0:01:56]} 20. Qc1 {[%clk 0:01:54]} Kh7 {[%clk 0:01:44]} 21. Bf4
{[%clk 0:01:42]} Be4 {[%clk 0:01:36]} 22. Ne5 {[%clk 0:01:30]} Bf5
{[%clk 0:01:35]} 23. Qd2 {[%clk 0:01:09]} g5 {[%clk 0:01:20]} 24. Bg3
{[%clk 0:01:07]} f6 {[%clk 0:01:17]} 25. Nd3 {[%clk 0:01:03]} Bg6
{[%clk 0:01:06]} 26. Nc5 {[%clk 0:01:00]} Qe7 {[%clk 0:01:06]} 27. a4
{[%clk 0:00:49]} Nxc3 {[%clk 0:00:53]} 28. bxc3 {[%clk 0:00:48]} Nc8
{[%clk 0:00:51]} 29. Ne6 {[%clk 0:00:47]} Nd6 {[%clk 0:00:45]} 30. Nxg7
{[%clk 0:00:45]} Kxg7 {[%clk 0:00:45]} 31. f3 {[%clk 0:00:36]} Nf5
{[%clk 0:00:40]} 32. Bf2 {[%clk 0:00:36]} Qd6 {[%clk 0:00:39]} 33. Qe2
{[%clk 0:00:35]} Qe7 {[%clk 0:00:37]} 34. Qd1 {[%clk 0:00:27]} Nd6
{[%clk 0:00:34]} 35. c4 {[%clk 0:00:26]} Nf5 {[%clk 0:00:32]} 36. Bc2
{[%clk 0:00:23]} a6 {[%clk 0:00:30]} 37. d5 {[%clk 0:00:22]} cxd5
{[%clk 0:00:26]} 38. cxd5 {[%clk 0:00:19]} Qd6 {[%clk 0:00:25]} 39. Be4
{[%clk 0:00:15]} Ne7 {[%clk 0:00:24]} 40. Qd4 {[%clk 0:00:14]} Bxe4
{[%clk 0:00:20]} 41. fxe4 {[%clk 0:00:15]} Ng6 {[%clk 0:00:20]} 42. a5
{[%clk 0:00:15]} Ne5 {[%clk 0:00:20]} 43. Qc3 {[%clk 0:00:13]} Kg6
{[%clk 0:00:19]} 44. Bg3 {[%clk 0:00:13]} Qe7 {[%clk 0:00:17]} 45. Bxe5
{[%clk 0:00:14]} fxe5 {[%clk 0:00:17]} 46. Qf3 {[%clk 0:00:13]} Qc5+
{[%clk 0:00:15]} 47. Kh2 {[%clk 0:00:14]} Qd6 {[%clk 0:00:14]} 48. Qf5+
{[%clk 0:00:15]} Kg7 {[%clk 0:00:15]} 49. Kg3 {[%clk 0:00:14]} Qe7
{[%clk 0:00:15]} 50. Kg4 {[%clk 0:00:14]} Qd6 {[%clk 0:00:12]} 51. Kh5
{[%clk 0:00:10]} b5 {[%clk 0:00:07]} 52. axb6 {[%clk 0:00:10]} Qxb6
{[%clk 0:00:06]} 53. Qxe5+ {[%clk 0:00:11]} Kf7 {[%clk 0:00:07]} 54. Qf5+
{[%clk 0:00:11]} Ke7 {[%clk 0:00:06]} 55. e5 {[%clk 0:00:11]} Qe3
{[%clk 0:00:04]} 56. d6+ {[%clk 0:00:12]} Ke8 {[%clk 0:00:03]} 57. e6
{[%clk 0:00:12]} Qe2+ 58. Kg6 1-0

[Event "Russian Blitz Championship (w)"]
[Site "Sochi"]
[Date "2022.10.14"]
[Round "10.1"]
[White "Voit, Daria"]
[Black "Girya, Olga"]
[Result "1-0"]
[BlackElo "2298"]
[WhiteElo "2247"]
[LiveChessVersion "1.4.8"]

1. d4 {[%clk 0:03:03]} Nf6 {[%clk 0:03:03]} 2. c4 {[%clk 0:03:04]} e6
{[%clk 0:03:05]} 3. Nf3 {[%clk 0:03:04]} d5 {[%clk 0:03:06]} 4. g3
{[%clk 0:03:05]} Be7 {[%clk 0:03:07]} 5. Bg2 {[%clk 0:03:01]} O-O
{[%clk 0:03:07]} 6. O-O {[%clk 0:03:00]} dxc4 {[%clk 0:03:08]} 7. Qc2
{[%clk 0:02:59]} a6 {[%clk 0:03:09]} 8. a4 {[%clk 0:02:59]} Bd7 {[%clk 0:03:10]}
9. Rd1 {[%clk 0:02:42]} Bc6 {[%clk 0:03:11]} 10. Nc3 {[%clk 0:02:43]} Bxf3
{[%clk 0:03:11]} 11. Bxf3 {[%clk 0:02:43]} Nc6 {[%clk 0:03:11]} 12. Bxc6
{[%clk 0:02:44]} bxc6 {[%clk 0:03:12]} 13. a5 {[%clk 0:02:37]} Rb8
{[%clk 0:03:13]} 14. Qa4 {[%clk 0:02:37]} Rb4 {[%clk 0:02:20]} 15. Qxc6
{[%clk 0:02:37]} Qd6 {[%clk 0:02:28]} 16. Qf3 {[%clk 0:02:24]} Rfb8
{[%clk 0:02:10]} 17. d5 {[%clk 0:02:08]} exd5 {[%clk 0:01:58]} 18. Nxd5
{[%clk 0:02:08]} Nxd5 {[%clk 0:01:49]} 19. Rxd5 {[%clk 0:02:04]} Qe6
{[%clk 0:01:49]} 20. Ra3 {[%clk 0:02:02]} Rb3 {[%clk 0:01:22]} 21. Rxb3
{[%clk 0:02:00]} Rxb3 {[%clk 0:01:19]} 22. e3 {[%clk 0:01:42]} h6
{[%clk 0:01:04]} 23. Rd4 {[%clk 0:01:32]} Rd3 {[%clk 0:00:39]} 24. Re4
{[%clk 0:01:08]} Qd5 {[%clk 0:00:34]} 25. Kg2 {[%clk 0:01:09]} Bf8
{[%clk 0:00:26]} 26. Rf4 {[%clk 0:00:52]} Qxf3+ {[%clk 0:00:25]} 27. Kxf3
{[%clk 0:00:53]} c3 {[%clk 0:00:26]} 28. bxc3 {[%clk 0:00:54]} Rxc3 29. Bd2
{[%clk 0:00:40]} Rc2 {[%clk 0:00:25]} 30. Be1 {[%clk 0:00:37]} c5
{[%clk 0:00:24]} 31. Re4 {[%clk 0:00:29]} Rc1 {[%clk 0:00:13]} 32. Bd2
{[%clk 0:00:26]} Rc2 {[%clk 0:00:15]} 33. Be1 {[%clk 0:00:24]} Rc1
{[%clk 0:00:16]} 34. Ke2 {[%clk 0:00:16]} Rc2+ {[%clk 0:00:10]} 35. Kd3
{[%clk 0:00:17]} Rc1 {[%clk 0:00:11]} 36. Bd2 {[%clk 0:00:18]} Rf1
{[%clk 0:00:08]} 37. Ke2 {[%clk 0:00:19]} Rb1 {[%clk 0:00:08]} 38. Re8
{[%clk 0:00:19]} Rb2 {[%clk 0:00:06]} 39. Rc8 {[%clk 0:00:15]} g6
{[%clk 0:00:07]} 40. Kd3 {[%clk 0:00:16]} Rb3+ {[%clk 0:00:07]} 41. Kc2
{[%clk 0:00:15]} Ra3 {[%clk 0:00:08]} 42. Ra8 {[%clk 0:00:13]} Ra2+
{[%clk 0:00:09]} 43. Kc3 {[%clk 0:00:11]} Ra3+ {[%clk 0:00:07]} 44. Kb2
{[%clk 0:00:12]} Rd3 {[%clk 0:00:07]} 45. Kc2 {[%clk 0:00:13]} Ra3
{[%clk 0:00:09]} 46. Rxa6 {[%clk 0:00:14]} Bg7 {[%clk 0:00:09]} 47. Rc6
{[%clk 0:00:12]} Ra2+ {[%clk 0:00:10]} 48. Kd3 {[%clk 0:00:12]} Ra3+ 49. Ke2
{[%clk 0:00:12]} Bf8 {[%clk 0:00:07]} 50. Rc8 {[%clk 0:00:08]} Kg7
{[%clk 0:00:09]} 51. h4 {[%clk 0:00:06]} h5 {[%clk 0:00:09]} 52. Kd1
{[%clk 0:00:06]} Bd6 {[%clk 0:00:10]} 53. Kc2 {[%clk 0:00:06]} Ra2+
{[%clk 0:00:10]} 54. Kd3 {[%clk 0:00:07]} Ra3+ {[%clk 0:00:10]} 55. Kc4
{[%clk 0:00:08]} Kf6 {[%clk 0:00:09]} 56. Bc3+ {[%clk 0:00:08]} Ke6
{[%clk 0:00:11]} 57. e4 {[%clk 0:00:05]} Ra2 {[%clk 0:00:11]} 58. f4
{[%clk 0:00:06]} Kd7 {[%clk 0:00:11]} 59. Ra8 {[%clk 0:00:06]} Ra4+
{[%clk 0:00:12]} 60. Kd3 {[%clk 0:00:07]} c4+ {[%clk 0:00:13]} 61. Kd4
{[%clk 0:00:08]} Kc6 {[%clk 0:00:14]} 62. e5 {[%clk 0:00:09]} Bc5+
{[%clk 0:00:15]} 63. Ke4 {[%clk 0:00:10]} Ra3 {[%clk 0:00:16]} 64. Rc8+
{[%clk 0:00:11]} Kb5 {[%clk 0:00:16]} 65. Rb8+ {[%clk 0:00:12]} Kc6
{[%clk 0:00:18]} 66. Rc8+ Kb5 67. Kd5 {[%clk 0:00:13]} Rxc3 {[%clk 0:00:14]} 68.
Rxc5+ Kb4 69. Kc6 {[%clk 0:00:09]} Rxg3 {[%clk 0:00:10]} 70. a6 {[%clk 0:00:09]}
Ra3 {[%clk 0:00:11]} 71. Rb5+ {[%clk 0:00:10]} Kc3 {[%clk 0:00:12]} 72. Kb6
{[%clk 0:00:11]} Kd2 {[%clk 0:00:11]} 73. Rd5+ {[%clk 0:00:11]} Ke3
{[%clk 0:00:11]} 74. a7 {[%clk 0:00:11]} c3 {[%clk 0:00:07]} 75. Ra5
{[%clk 0:00:09]} Rxa5 {[%clk 0:00:07]} 76. Kxa5 {[%clk 0:00:10]} c2
{[%clk 0:00:08]} 77. a8=Q {[%clk 0:00:11]} c1=Q {[%clk 0:00:09]} 78. Qa7+
{[%clk 0:00:11]} Ke4 {[%clk 0:00:09]} 79. Qxf7 {[%clk 0:00:11]} Qc5+
{[%clk 0:00:08]} 80. Ka6 {[%clk 0:00:11]} Qa3+ {[%clk 0:00:05]} 81. Kb7
{[%clk 0:00:12]} Qb4+ {[%clk 0:00:06]} 82. Kc8 {[%clk 0:00:12]} Qc5+
{[%clk 0:00:07]} 83. Kd8 {[%clk 0:00:13]} Qd4+ {[%clk 0:00:06]} 84. Ke8
{[%clk 0:00:14]} Qa4+ {[%clk 0:00:07]} 85. Kf8 {[%clk 0:00:15]} Qb5
{[%clk 4:04:05]} 86. e6 {[%clk 0:00:15]} Qb8+ {[%clk 0:00:04]} 87. Kg7
{[%clk 0:00:15]} Qb2+ {[%clk 0:00:05]} 88. Qf6 {[%clk 0:00:15]} 1-0

[Event "Russian Blitz Championship (w)"]
[Site "Sochi"]
[Date "2022.10.14"]
[Round "10.2"]
[White "Dimitrova, Aleksandra"]
[Black "Diakonova, Ekaterina"]
[Result "1-0"]
[BlackElo "1987"]
[WhiteElo "2051"]
[LiveChessVersion "1.4.8"]

1. e4 {[%clk 0:03:03]} d6 {[%clk 0:03:04]} 2. d4 {[%clk 0:03:04]} Nf6
{[%clk 0:03:05]} 3. Nc3 {[%clk 0:03:05]} g6 {[%clk 0:03:06]} 4. f4
{[%clk 0:03:06]} Bg7 {[%clk 0:03:07]} 5. Nf3 {[%clk 0:03:06]} O-O
{[%clk 0:03:07]} 6. Bd3 {[%clk 0:03:07]} Na6 {[%clk 0:03:08]} 7. O-O
{[%clk 0:02:56]} c5 {[%clk 0:03:09]} 8. d5 {[%clk 0:02:56]} Bg4 {[%clk 0:03:10]}
9. h3 {[%clk 0:02:54]} Bxf3 {[%clk 0:03:11]} 10. Rxf3 {[%clk 0:02:43]} Qa5
{[%clk 0:02:50]} 11. Qe2 {[%clk 0:02:31]} Nb4 {[%clk 0:02:09]} 12. Bd2
{[%clk 0:02:05]} Nxd3 {[%clk 0:01:53]} 13. cxd3 {[%clk 0:01:54]} Qb4
{[%clk 0:01:51]} 14. Kh1 {[%clk 0:01:41]} Rab8 {[%clk 0:01:45]} 15. e5
{[%clk 0:01:27]} Nd7 {[%clk 0:01:22]} 16. e6 {[%clk 0:01:22]} Nf6
{[%clk 0:01:20]} 17. exf7+ {[%clk 0:01:15]} Rxf7 {[%clk 0:01:21]} 18. Rb1
{[%clk 0:00:50]} Qa5 {[%clk 0:01:22]} 19. a3 {[%clk 0:00:45]} b5 {[%clk 0:01:18]}
20. Ne4 {[%clk 0:00:45]} b4 {[%clk 0:01:20]} 21. Ng5 {[%clk 0:00:43]} Rff8
{[%clk 0:01:14]} 22. Qxe7 {[%clk 0:00:34]} Rbe8 {[%clk 0:01:11]} 23. Qxd6
{[%clk 0:00:33]} Re2 {[%clk 0:01:13]} 24. Be3 {[%clk 0:00:22]} Re8
{[%clk 0:01:01]} 25. Bxc5 {[%clk 0:00:22]} bxa3 {[%clk 0:00:59]} 26. bxa3
{[%clk 0:00:21]} Qd2 {[%clk 0:00:58]} 27. Rg1 {[%clk 0:00:15]} Nh5
{[%clk 0:00:50]} 28. Ne6 {[%clk 0:00:12]} Bf6 {[%clk 0:00:39]} 29. Qd7
{[%clk 0:00:12]} Rb8 {[%clk 0:00:37]} 30. Ng5 {[%clk 0:00:11]} Ng7
{[%clk 0:00:36]} 31. Qf7+ Kh8 32. Qxf6 {[%clk 0:00:12]} Rc8 {[%clk 0:00:34]} 33.
Bf8 {[%clk 0:00:13]} Rc7 {[%clk 0:00:35]} 34. Bxg7+ {[%clk 0:00:11]} Rxg7
{[%clk 0:00:36]} 35. Qf8+ {[%clk 0:00:12]} 1-0